| 000 | 00352nam a22001457a 4500 | ||
|---|---|---|---|
| 003 | OSt | ||
| 005 | 20180116182948.0 | ||
| 008 | 131008b xxu||||| |||| 00| 0 eng d | ||
| 040 | _c0 | ||
| 082 | _a362.2 RAP 1999 | ||
| 100 | _aJulian Rappaport | ||
| 245 |
_aHandbook of Community Psychology _cJulian Rappaport |
||
| 300 | _a1011p. | ||
| 942 |
_2ddc _cBK |
||
| 999 |
_c349405 _d349405 |
||